[Event "Azerbaijan Chess Championship2015 - Men"]
[Site ""]
[Date "2015.01.12"]
[Round "6"]
[Board "10"]
[White "Asadli, Vugar"]
[Black "Abdulov, Orkhan"]
[Result "1/2-1/2"]
[WhiteElo "2127"]
[BlackElo "2342"]
[PlyCount "0"]
[EventDate "2015.01.06"]
[EventRounds "9"]
[EventCountry "AZE"]

1. e4 {[%clk 1:30:57]} e5 {[%clk 1:29:46]} 2. Nf3 {[%clk 1:29:25]} d6
{[%clk 1:29:38]} 3. d4 {[%clk 1:28:56]} Nd7 {[%clk 1:28:16]} 4. Bc4
{[%clk 1:27:45]} Be7 {[%clk 1:25:56]} 5. O-O {[%clk 1:26:36]} c6 {[%clk 1:24:55]}
6. a4 {[%clk 1:25:18]} Ngf6 {[%clk 1:24:01]} 7. Nc3 {[%clk 1:25:05]} O-O
{[%clk 1:24:23]} 8. a5 {[%clk 1:22:11]} Qc7 {[%clk 1:16:40]} 9. Re1
{[%clk 1:18:51]} Rb8 {[%clk 1:14:12]} 10. d5 {[%clk 1:04:20]} b5 {[%clk 1:03:55]}
11. axb6 {[%clk 1:03:56]} Nxb6 {[%clk 1:04:00]} 12. Bf1 {[%clk 1:04:00]} cxd5
{[%clk 0:58:13]} 13. exd5 {[%clk 1:00:18]} Bd7 {[%clk 0:44:14]} 14. h3
{[%clk 0:54:47]} Ra8 {[%clk 0:37:19]} 15. Ba6 {[%clk 0:31:50]} Bc8 16. Qd3
{[%clk 0:26:56]} h6 {[%clk 0:15:59]} 17. Be3 {[%clk 0:26:56]} Bb7
{[%clk 0:08:06]} 18. Bxb6 {[%clk 0:19:24]} Qxb6 {[%clk 0:06:58]} 19. Bxb7
{[%clk 0:19:02]} Qxb7 {[%clk 0:06:43]} 20. Nd2 {[%clk 0:19:11]} Rfc8
{[%clk 0:06:30]} 21. Nc4 {[%clk 0:17:53]} a5 {[%clk 0:03:11]} 22. Rxa5
{[%clk 0:11:40]} Rxa5 {[%clk 0:03:11]} 23. Nxa5 {[%clk 0:11:40]} Qxb2
{[%clk 0:03:42]} 24. Nc6 {[%clk 0:10:38]} Bf8 {[%clk 0:02:27]} 25. Rb1
{[%clk 0:08:15]} Qa3 {[%clk 0:02:48]} 26. Ne4 {[%clk 0:07:30]} Qxd3
{[%clk 0:02:32]} 27. Nxf6+ {[%clk 0:07:56]} gxf6 {[%clk 0:03:00]} 28. cxd3
{[%clk 0:08:20]} Ra8 {[%clk 0:02:51]} 29. Kf1 {[%clk 0:05:06]} Ra3
{[%clk 0:03:08]} 30. Ke2 {[%clk 0:05:20]} Ra2+ {[%clk 0:03:26]} 31. Ke3
{[%clk 0:04:59]} f5 {[%clk 0:03:24]} 32. g3 {[%clk 0:03:49]} h5 {[%clk 0:03:19]}
33. Rb8 {[%clk 0:03:49]} Kg7 {[%clk 0:03:37]} 34. h4 {[%clk 0:03:07]} Rc2
{[%clk 0:03:59]} 35. f4 {[%clk 0:02:49]} Rc5 {[%clk 0:03:57]} 36. fxe5
{[%clk 0:01:51]} dxe5 {[%clk 0:03:11]} 37. d4 {[%clk 0:02:12]} Rxd5
{[%clk 0:02:25]} 38. Nxe5 Bd6 {[%clk 0:01:50]} 39. Rb7 {[%clk 0:02:41]} Bxe5
{[%clk 0:01:43]} 40. dxe5 {[%clk 0:33:07]} Rxe5+ 41. Kf4 {[%clk 0:33:11]} Ra5
{[%clk 0:30:45]} 42. Rb6 {[%clk 0:33:16]} Ra3 {[%clk 0:30:27]} 43. Rc6
{[%clk 0:32:36]} Rb3 {[%clk 0:29:24]} 44. Ra6 {[%clk 0:32:51]} Rb5
{[%clk 0:29:21]} 45. Rc6 {[%clk 0:32:49]} Ra5 {[%clk 0:29:40]} 46. Rb6
{[%clk 0:33:14]} f6 {[%clk 0:29:47]} 47. Rb8 {[%clk 0:33:12]} Re5
{[%clk 0:29:44]} 48. Ra8 {[%clk 0:33:12]} Kf7 {[%clk 0:29:29]} 49. Rb8
{[%clk 0:33:11]} Kg6 {[%clk 0:29:43]} 50. Rg8+ {[%clk 0:33:33]} Kh7
{[%clk 0:29:52]} 51. Ra8 {[%clk 0:33:25]} Kg7 {[%clk 0:30:07]} 52. Rb8
{[%clk 0:33:34]} Ra5 {[%clk 0:30:30]} 53. Rc8 {[%clk 0:33:47]} Kf7
{[%clk 0:30:34]} 54. Rb8 {[%clk 0:33:50]} Ra3 {[%clk 0:30:44]} 55. Rc8
{[%clk 0:34:06]} Rb3 {[%clk 0:29:55]} 56. Ra8 {[%clk 0:34:25]} Kg6
{[%clk 0:30:05]} 57. Rg8+ {[%clk 0:34:51]} Kh7 {[%clk 0:30:14]} 58. Ra8 1/2-1/2

[Event "Azerbaijan Chess Championship2015 - Men"]
[Site ""]
[Date "2015.01.12"]
[Round "6"]
[Board "11"]
[White "Sevdimaliyev, Urfan"]
[Black "Rzayev, Bahruz"]
[Result "0-1"]
[WhiteElo "2505"]
[BlackElo "2416"]
[PlyCount "0"]
[EventDate "2015.01.06"]
[EventRounds "9"]
[EventCountry "AZE"]

1. e4 {[%clk 1:30:57]} e5 {[%clk 1:30:53]} 2. Nf3 {[%clk 1:31:18]} Nc6
{[%clk 1:31:20]} 3. Nc3 {[%clk 1:31:36]} g6 {[%clk 1:29:18]} 4. d4
{[%clk 1:29:50]} exd4 {[%clk 1:29:43]} 5. Nxd4 {[%clk 1:29:51]} Bg7
{[%clk 1:30:10]} 6. Be3 {[%clk 1:29:17]} Nge7 {[%clk 1:30:26]} 7. Qd2
{[%clk 1:28:23]} d6 {[%clk 1:26:41]} 8. O-O-O {[%clk 1:26:57]} Be6
{[%clk 1:26:22]} 9. Nxe6 {[%clk 1:18:48]} fxe6 {[%clk 1:26:50]} 10. h4 h5
{[%clk 1:22:51]} 11. Be2 {[%clk 1:09:25]} Ne5 {[%clk 1:14:14]} 12. f4
{[%clk 0:58:24]} Ng4 {[%clk 1:04:27]} 13. Bxg4 {[%clk 0:56:25]} hxg4
{[%clk 1:04:12]} 14. Qe2 {[%clk 0:52:52]} Bxc3 {[%clk 1:02:33]} 15. bxc3
{[%clk 0:51:37]} Qd7 {[%clk 1:02:56]} 16. Qxg4 {[%clk 0:43:58]} Rh5
{[%clk 0:58:09]} 17. e5 {[%clk 0:38:43]} d5 {[%clk 0:49:14]} 18. Bc5
{[%clk 0:34:25]} Kf7 {[%clk 0:47:07]} 19. Qf3 {[%clk 0:28:46]} Rah8
{[%clk 0:40:06]} 20. Bf2 {[%clk 0:25:47]} Ke8 {[%clk 0:39:46]} 21. g4
{[%clk 0:25:55]} R5h7 {[%clk 0:38:22]} 22. Qe3 {[%clk 0:13:20]} Qa4
{[%clk 0:34:59]} 23. Kb1 {[%clk 0:12:30]} Rf8 {[%clk 0:31:47]} 24. Rd4
{[%clk 0:11:07]} Qa6 {[%clk 0:31:25]} 25. Rdd1 {[%clk 0:05:57]} b6
{[%clk 0:29:12]} 26. Bg3 {[%clk 0:05:06]} c5 {[%clk 0:24:26]} 27. Qd3
{[%clk 0:04:04]} c4 {[%clk 0:24:10]} 28. Qe3 {[%clk 0:03:23]} Kd7
{[%clk 0:23:49]} 29. Ka1 {[%clk 0:02:42]} Rc8 {[%clk 0:22:42]} 30. Rhf1
{[%clk 0:01:58]} Rc5 {[%clk 0:22:35]} 31. Rb1 {[%clk 0:02:09]} Rf7
{[%clk 0:21:26]} 32. h5 {[%clk 0:02:13]} gxh5 {[%clk 0:20:49]} 33. f5
{[%clk 0:02:37]} Ra5 {[%clk 0:21:07]} 34. Rb2 {[%clk 0:03:00]} b5
{[%clk 0:20:24]} 35. f6 {[%clk 0:01:03]} hxg4 {[%clk 0:20:39]} 36. Qg5
{[%clk 0:00:39]} Nc6 {[%clk 0:18:26]} 37. Qg6 {[%clk 0:00:42]} Nd8
{[%clk 0:18:46]} 38. Be1 {[%clk 0:00:35]} b4 {[%clk 0:18:06]} 39. Rf2
{[%clk 0:00:41]} Ra3 {[%clk 0:17:32]} 40. Rh2 {[%clk 0:30:35]} b3
{[%clk 0:39:47]} 41. cxb3 {[%clk 0:28:12]} cxb3 {[%clk 0:39:46]} 42. Qb1
{[%clk 0:26:42]} Kc8 {[%clk 0:39:59]} 43. Rxb3 {[%clk 0:23:01]} Rxb3
{[%clk 0:40:23]} 44. Qxb3 {[%clk 0:23:28]} Qf1 {[%clk 0:38:58]} 45. Qb1
{[%clk 0:15:02]} Rb7 {[%clk 0:39:06]} 46. Rb2 {[%clk 0:15:03]} Rxb2
{[%clk 0:39:31]} 47. Kxb2 {[%clk 0:15:28]} g3 {[%clk 0:39:31]} 0-1

[Event "Azerbaijan Chess Championship2015 - Men"]
[Site ""]
[Date "2015.01.13"]
[Round "7"]
[Board "1"]
[White "Mamedov, Rauf"]
[Black "Guseinov, Gadir"]
[Result "1/2-1/2"]
[WhiteElo "2642"]
[BlackElo "2610"]
[PlyCount "0"]
[EventDate "2015.01.06"]
[EventRounds "9"]
[EventCountry "AZE"]

1. e4 {[%clk 1:30:48]} c5 {[%clk 1:16:41]} 2. Nf3 {[%clk 1:30:05]} Nc6
{[%clk 1:17:03]} 3. d4 {[%clk 1:30:30]} cxd4 {[%clk 1:17:26]} 4. Nxd4
{[%clk 1:30:56]} g6 {[%clk 1:17:45]} 5. Nc3 {[%clk 1:27:26]} Bg7 {[%clk 1:17:24]}
6. Be3 {[%clk 1:23:04]} Nf6 {[%clk 1:16:35]} 7. Bc4 {[%clk 1:23:15]} Qa5
{[%clk 1:16:28]} 8. O-O {[%clk 1:23:18]} O-O {[%clk 1:16:50]} 9. Bb3
{[%clk 1:23:34]} d6 {[%clk 1:16:31]} 10. h3 {[%clk 1:23:14]} Bd7 {[%clk 1:15:46]}
11. f4 {[%clk 1:17:54]} Nxd4 {[%clk 1:13:03]} 12. Bxd4 {[%clk 1:18:07]} Bc6
{[%clk 1:13:27]} 13. Qd3 {[%clk 1:16:52]} Rad8 {[%clk 1:09:30]} 14. Rad1
{[%clk 1:10:53]} Nd7 {[%clk 1:06:54]} 15. Bxg7 {[%clk 1:09:16]} Kxg7
{[%clk 1:06:31]} 16. Kh1 {[%clk 1:08:21]} Nc5 {[%clk 0:58:30]} 17. Qd4+
{[%clk 1:02:00]} e5 {[%clk 0:54:41]} 18. fxe5 {[%clk 0:59:40]} Nxb3
{[%clk 0:54:04]} 19. axb3 {[%clk 0:58:22]} dxe5 {[%clk 0:52:45]} 20. Qf2
{[%clk 0:58:15]} f5 {[%clk 0:48:41]} 21. b4 {[%clk 0:52:55]} Qxb4
{[%clk 0:46:51]} 22. Rxd8 {[%clk 0:49:20]} Rxd8 {[%clk 0:45:59]} 23. exf5
{[%clk 0:49:42]} g5 {[%clk 0:42:29]} 24. f6+ {[%clk 0:46:19]} Kf7
{[%clk 0:42:23]} 25. Qe3 {[%clk 0:44:17]} Qh4 {[%clk 0:39:26]} 26. Kh2
{[%clk 0:44:19]} g4 {[%clk 0:35:57]} 27. Qxe5 {[%clk 0:42:32]} g3+
{[%clk 0:35:53]} 28. Qxg3 {[%clk 0:39:22]} Qxg3+ {[%clk 0:36:01]} 29. Kxg3
{[%clk 0:39:39]} Rg8+ {[%clk 0:36:26]} 30. Kf4 {[%clk 0:39:55]} Rxg2
{[%clk 0:36:33]} 31. Ke5 {[%clk 0:39:59]} Rxc2 {[%clk 0:35:18]} 32. Rg1
{[%clk 0:39:12]} Bg2 {[%clk 0:31:33]} 33. Rd1 {[%clk 0:37:34]} Bc6
{[%clk 0:31:28]} 34. Rg1 {[%clk 0:37:58]} 1/2-1/2

[Event "Azerbaijan Chess Championship2015 - Men"]
[Site ""]
[Date "2015.01.13"]
[Round "7"]
[Board "2"]
[White "Rasulov, Vugar"]
[Black "Safarli, Eltaj"]
[Result "1/2-1/2"]
[WhiteElo "2491"]
[BlackElo "2635"]
[PlyCount "0"]
[EventDate "2015.01.06"]
[EventRounds "9"]
[EventCountry "AZE"]

1. e4 {[%clk 1:30:49]} e5 {[%clk 1:30:54]} 2. Nf3 {[%clk 1:30:59]} Nf6
{[%clk 1:31:17]} 3. Nxe5 {[%clk 1:30:25]} d6 {[%clk 1:31:41]} 4. Nf3
{[%clk 1:30:47]} Nxe4 {[%clk 1:32:06]} 5. c4 {[%clk 1:29:59]} Nc6
{[%clk 1:30:55]} 6. d4 {[%clk 1:24:18]} d5 {[%clk 1:29:42]} 7. a3
{[%clk 1:23:32]} Be7 {[%clk 1:28:03]} 8. Nc3 {[%clk 1:20:55]} Be6
{[%clk 1:21:42]} 9. cxd5 {[%clk 1:14:43]} Bxd5 {[%clk 1:19:20]} 10. Bd3
{[%clk 1:15:06]} Nf6 {[%clk 1:14:24]} 11. Nxd5 {[%clk 1:15:11]} Nxd5
{[%clk 1:13:52]} 12. O-O {[%clk 1:15:24]} O-O {[%clk 1:14:02]} 13. Be4
{[%clk 1:11:34]} Qd6 {[%clk 0:58:47]} 14. Ne5 {[%clk 1:03:43]} Rad8
{[%clk 0:56:03]} 15. Nxc6 {[%clk 1:03:15]} Qxc6 {[%clk 0:49:30]} 16. Qb3
{[%clk 1:03:15]} Bf6 {[%clk 0:48:54]} 17. Bd2 {[%clk 0:59:14]} Qd6
{[%clk 0:42:04]} 18. Rad1 {[%clk 0:50:23]} Rfe8 {[%clk 0:34:43]} 19. Rfe1
{[%clk 0:49:00]} h6 {[%clk 0:33:26]} 20. Qxb7 {[%clk 0:38:58]} Bxd4
{[%clk 0:32:41]} 21. Bxd5 {[%clk 0:32:12]} Rxe1+ {[%clk 0:32:45]} 22. Bxe1
{[%clk 0:32:40]} Qxd5 {[%clk 0:33:06]} 23. Qxd5 {[%clk 0:33:06]} Rxd5
{[%clk 0:33:32]} 24. Kf1 {[%clk 0:33:33]} c6 {[%clk 0:31:53]} 25. b4
{[%clk 0:30:38]} Kf8 {[%clk 0:27:44]} 26. f3 {[%clk 0:23:08]} a6 {[%clk 0:23:11]}
27. Bf2 {[%clk 0:19:11]} Bb2 {[%clk 0:22:17]} 28. Rxd5 cxd5 {[%clk 0:22:45]} 29.
a4 {[%clk 0:19:14]} Ke7 {[%clk 0:17:14]} 30. Ke2 {[%clk 0:16:31]} h5
{[%clk 0:17:24]} 31. Kd3 {[%clk 0:15:42]} g6 {[%clk 0:17:41]} 32. Bd4
{[%clk 0:12:58]} Bc1 {[%clk 0:17:49]} 33. g3 {[%clk 0:12:11]} Bh6
{[%clk 0:16:54]} 34. Be5 {[%clk 0:11:54]} Ke6 {[%clk 0:12:51]} 35. Bc3
{[%clk 0:05:40]} Kd6 {[%clk 0:11:26]} 36. Bd2 {[%clk 0:04:41]} Bg7
{[%clk 0:11:18]} 37. Bc3 {[%clk 0:05:06]} Bh6 {[%clk 0:11:45]} 38. Bd2
{[%clk 0:05:23]} Bg7 {[%clk 0:12:10]} 39. g4 {[%clk 0:04:18]} Kc6
{[%clk 0:09:15]} 40. h3 {[%clk 0:34:14]} Bf8 {[%clk 0:38:13]} 41. gxh5
{[%clk 0:31:23]} gxh5 {[%clk 0:38:39]} 42. Be1 {[%clk 0:30:21]} Be7
{[%clk 0:38:08]} 43. Ke3 {[%clk 0:30:36]} Bg5+ {[%clk 0:36:14]} 44. Kd3
{[%clk 0:27:59]} Be7 {[%clk 0:36:30]} 45. Bd2 {[%clk 0:27:41]} Bf8
{[%clk 0:35:58]} 46. Be1 {[%clk 0:23:13]} Bh6 {[%clk 0:35:37]} 47. Bd2
{[%clk 0:22:24]} Bf8 {[%clk 0:35:54]} 48. f4 {[%clk 0:22:36]} f5 {[%clk 0:33:44]}
49. b5+ {[%clk 0:20:31]} axb5 {[%clk 0:32:52]} 50. axb5+ {[%clk 0:21:00]} Kc5
{[%clk 0:30:19]} 51. b6 {[%clk 0:19:15]} Bd6 {[%clk 0:28:49]} 52. Be3+
{[%clk 0:16:28]} Kc6 {[%clk 0:29:14]} 53. Kc3 {[%clk 0:16:37]} Be7
{[%clk 0:27:34]} 54. b7 {[%clk 0:14:55]} Bd6 {[%clk 0:27:36]} 55. Kd4
{[%clk 0:15:23]} Bb8 {[%clk 0:27:12]} 56. Bc1 {[%clk 0:15:41]} Bc7
{[%clk 0:26:31]} 57. Bd2 {[%clk 0:16:07]} 1/2-1/2

[Event "Azerbaijan Chess Championship2015 - Men"]
[Site ""]
[Date "2015.01.13"]
[Round "7"]
[Board "3"]
[White "Abasov, Nijat"]
[Black "Durarbayli, Vasif"]
[Result "1/2-1/2"]
[WhiteElo "2530"]
[BlackElo "2635"]
[PlyCount "0"]
[EventDate "2015.01.06"]
[EventRounds "9"]
[EventCountry "AZE"]

1. d4 {[%clk 1:24:46]} Nf6 {[%clk 1:30:54]} 2. c4 {[%clk 1:25:09]} e6
{[%clk 1:31:20]} 3. Nc3 {[%clk 1:25:03]} Bb4 {[%clk 1:31:41]} 4. Qc2
{[%clk 1:24:04]} O-O {[%clk 1:31:57]} 5. a3 {[%clk 1:23:12]} Bxc3+
{[%clk 1:32:05]} 6. Qxc3 {[%clk 1:23:33]} d6 {[%clk 1:23:02]} 7. Nf3
{[%clk 1:21:43]} b6 {[%clk 1:22:42]} 8. e3 {[%clk 1:21:13]} Bb7 {[%clk 1:18:03]}
9. Be2 {[%clk 1:21:22]} Nbd7 {[%clk 1:18:29]} 10. b4 {[%clk 1:17:54]} Ne4
{[%clk 1:15:33]} 11. Qc2 {[%clk 1:18:15]} a5 {[%clk 1:15:18]} 12. Bb2
{[%clk 1:16:19]} axb4 {[%clk 1:12:02]} 13. axb4 {[%clk 1:16:37]} Rxa1+
{[%clk 1:12:30]} 14. Bxa1 {[%clk 1:17:01]} Ng5 {[%clk 1:11:16]} 15. d5
{[%clk 1:12:45]} exd5 {[%clk 0:58:10]} 16. Qf5 {[%clk 1:13:02]} Nxf3+
{[%clk 0:58:31]} 17. Bxf3 {[%clk 1:13:25]} g6 {[%clk 0:45:09]} 18. Qf4
{[%clk 1:13:45]} Qa8 {[%clk 0:43:20]} 19. Qd4 {[%clk 1:13:58]} Ne5
{[%clk 0:42:53]} 20. Bxd5 {[%clk 1:08:10]} c5 {[%clk 0:35:24]} 21. Bxb7
{[%clk 1:08:01]} Qxb7 {[%clk 0:34:08]} 22. Qxd6 {[%clk 1:08:22]} Qxg2
{[%clk 0:34:20]} 23. Qxe5 {[%clk 1:08:47]} Qxh1+ {[%clk 0:34:47]} 24. Ke2
{[%clk 1:09:12]} f6 {[%clk 0:34:56]} 25. Qe6+ {[%clk 1:09:39]} Rf7
{[%clk 0:35:13]} 26. Bxf6 {[%clk 1:10:04]} Qb7 {[%clk 0:35:11]} 27. f4
{[%clk 1:08:01]} Qd7 {[%clk 0:25:47]} 28. Qxb6 {[%clk 1:02:20]} Qf5
{[%clk 0:25:47]} 29. Be5 {[%clk 0:48:57]} Rd7 {[%clk 0:21:14]} 30. Kf2
{[%clk 0:46:04]} Qh3 {[%clk 0:17:23]} 31. Qb8+ {[%clk 0:45:14]} Kf7
{[%clk 0:17:25]} 32. Bd6 {[%clk 0:45:25]} Qxh2+ {[%clk 0:13:55]} 33. Kf3
{[%clk 0:43:23]} Qh3+ {[%clk 0:14:16]} 34. Kf2 {[%clk 0:43:49]} Qh2+
{[%clk 0:14:34]} 35. Kf3 {[%clk 0:44:15]} Qh3+ {[%clk 0:12:31]} 36. Kf2
{[%clk 0:44:31]} cxb4 {[%clk 0:12:24]} 37. c5 {[%clk 0:44:35]} Qh4+
{[%clk 0:09:48]} 38. Kf3 {[%clk 0:38:50]} Qh3+ {[%clk 0:09:16]} 39. Kf2
{[%clk 0:39:09]} Qh4+ {[%clk 0:05:50]} 40. Kf3 {[%clk 1:09:33]} Rd8
{[%clk 0:32:48]} 41. Qxb4 {[%clk 1:04:31]} Qh1+ {[%clk 0:30:56]} 42. Kg3
{[%clk 1:02:09]} Qg1+ {[%clk 0:19:32]} 43. Kf3 {[%clk 1:02:28]} Qh1+
{[%clk 0:19:59]} 44. Kg3 {[%clk 1:02:52]} Qd5 {[%clk 0:19:56]} 45. Qb6
{[%clk 0:57:32]} Rc8 {[%clk 0:17:48]} 46. Qa7+ {[%clk 0:46:59]} Kg8
{[%clk 0:17:48]} 47. Qe7 {[%clk 0:39:58]} Qf7 {[%clk 0:17:33]} 48. Qe4
{[%clk 0:39:17]} Rd8 {[%clk 0:16:28]} 49. Qd4 {[%clk 0:30:45]} Qe6
{[%clk 0:16:21]} 50. e4 {[%clk 0:30:57]} Kf7 {[%clk 0:13:24]} 51. Qd5
{[%clk 0:24:49]} Qxd5 {[%clk 0:13:41]} 52. exd5 {[%clk 0:25:15]} Rxd6
{[%clk 0:14:07]} 53. cxd6 {[%clk 0:25:40]} Ke8 {[%clk 0:14:36]} 54. f5
{[%clk 0:25:44]} gxf5 {[%clk 0:15:02]} 55. Kf4 {[%clk 0:26:11]} Kd7
{[%clk 0:15:27]} 56. Kxf5 {[%clk 0:26:38]} 1/2-1/2

[Event "Azerbaijan Chess Championship2015 - Men"]
[Site ""]
[Date "2015.01.13"]
[Round "7"]
[Board "4"]
[White "Bajarani, Ulvi"]
[Black "Mirzoev, Azer"]
[Result "1/2-1/2"]
[WhiteElo "2494"]
[BlackElo "2549"]
[PlyCount "0"]
[EventDate "2015.01.06"]
[EventRounds "9"]
[EventCountry "AZE"]

1. d4 {[%clk 1:30:57]} d5 {[%clk 1:24:03]} 2. c4 {[%clk 1:31:20]} dxc4
{[%clk 1:23:49]} 3. e3 {[%clk 1:31:44]} Nf6 {[%clk 1:24:10]} 4. Bxc4
{[%clk 1:32:06]} e6 {[%clk 1:24:27]} 5. Nf3 {[%clk 1:32:29]} a6 {[%clk 1:24:48]}
6. Bb3 {[%clk 1:32:22]} c5 {[%clk 1:21:41]} 7. O-O {[%clk 1:32:36]} Nc6
{[%clk 1:19:54]} 8. Nc3 {[%clk 1:32:01]} Be7 {[%clk 1:19:43]} 9. dxc5
{[%clk 1:31:48]} Qxd1 {[%clk 1:19:46]} 10. Rxd1 {[%clk 1:32:07]} Bxc5
{[%clk 1:20:09]} 11. Bd2 {[%clk 1:32:26]} Na5 {[%clk 1:11:46]} 12. Nd5
{[%clk 1:27:33]} Nxb3 {[%clk 1:06:53]} 13. Nxf6+ {[%clk 1:27:28]} gxf6
{[%clk 1:07:17]} 14. axb3 {[%clk 1:27:51]} Bd7 {[%clk 1:02:33]} 15. Bc3
{[%clk 1:25:34]} Be7 {[%clk 0:58:26]} 16. Ra5 {[%clk 1:22:13]} Bc6
{[%clk 0:52:55]} 17. Rh5 {[%clk 1:20:55]} Be4 {[%clk 0:42:28]} 18. Nd2
{[%clk 1:20:17]} Bg6 {[%clk 0:37:22]} 19. Ra5 {[%clk 1:20:26]} O-O
{[%clk 0:35:21]} 20. e4 {[%clk 1:17:13]} Rfd8 {[%clk 0:35:16]} 21. Re1
{[%clk 1:17:21]} Rac8 {[%clk 0:35:06]} 22. Nf1 {[%clk 1:17:32]} b5
{[%clk 0:30:24]} 23. b4 {[%clk 1:07:05]} Rc4 {[%clk 0:28:59]} 24. Rxa6
{[%clk 1:05:24]} Rxe4 {[%clk 0:27:24]} 25. Rxe4 {[%clk 1:05:11]} Bxe4
{[%clk 0:27:33]} 26. f3 {[%clk 1:04:54]} Ra8 {[%clk 0:25:01]} 27. Rb6
{[%clk 0:58:18]} Bd3 {[%clk 0:25:20]} 28. Nd2 {[%clk 0:58:14]} f5
{[%clk 0:24:17]} 29. g3 {[%clk 0:57:47]} Kf8 {[%clk 0:13:36]} 30. Kf2
{[%clk 0:57:11]} Ke8 {[%clk 0:14:00]} 31. Ke3 {[%clk 0:56:34]} Rd8
{[%clk 0:14:21]} 32. Nb3 {[%clk 0:53:48]} Bc4 {[%clk 0:09:03]} 33. Nd4
{[%clk 0:51:15]} Rd5 {[%clk 0:08:54]} 34. Rb8+ {[%clk 0:50:46]} Rd8
{[%clk 0:08:34]} 35. Rb6 {[%clk 0:50:22]} Rd6 {[%clk 0:06:17]} 36. Rxd6
{[%clk 0:48:52]} Bxd6 {[%clk 0:06:11]} 37. b3 {[%clk 0:48:33]} Bf1
{[%clk 0:05:50]} 1/2-1/2

[Event "Azerbaijan Chess Championship2015 - Men"]
[Site ""]
[Date "2015.01.13"]
[Round "7"]
[Board "5"]
[White "Shahaliyev, Ismayil"]
[Black "Guliev, Logman"]
[Result "1-0"]
[WhiteElo "2273"]
[BlackElo "2385"]
[PlyCount "0"]
[EventDate "2015.01.06"]
[EventRounds "9"]
[EventCountry "AZE"]

1. e4 {[%clk 1:30:57]} c5 {[%clk 1:30:55]} 2. Nf3 {[%clk 1:31:23]} d6
{[%clk 1:31:18]} 3. Bb5+ {[%clk 1:31:47]} Bd7 {[%clk 1:31:26]} 4. Bxd7+
{[%clk 1:32:12]} Nxd7 {[%clk 1:30:24]} 5. O-O {[%clk 1:32:34]} Ngf6
{[%clk 1:30:45]} 6. Qe2 {[%clk 1:32:59]} e6 {[%clk 1:30:09]} 7. b3
{[%clk 1:33:25]} Be7 {[%clk 1:30:28]} 8. Bb2 {[%clk 1:33:50]} O-O
{[%clk 1:30:36]} 9. c4 {[%clk 1:34:15]} a6 {[%clk 1:27:51]} 10. d4
{[%clk 1:34:39]} cxd4 {[%clk 1:28:14]} 11. Nxd4 {[%clk 1:35:05]} Qc7
{[%clk 1:26:02]} 12. Nc3 {[%clk 1:35:16]} Rfe8 {[%clk 1:25:18]} 13. Rad1
{[%clk 1:33:13]} Rad8 {[%clk 1:22:18]} 14. f4 {[%clk 1:31:01]} Bf8
{[%clk 1:17:23]} 15. Kh1 {[%clk 1:30:48]} g6 {[%clk 1:13:15]} 16. Nf3
{[%clk 1:10:12]} Nh5 {[%clk 1:10:11]} 17. Qd2 {[%clk 1:03:06]} Ndf6
{[%clk 1:04:56]} 18. f5 {[%clk 0:58:02]} Ng4 {[%clk 1:00:12]} 19. fxe6
{[%clk 0:48:59]} fxe6 {[%clk 1:00:32]} 20. Qg5 {[%clk 0:48:40]} Ne5
{[%clk 0:57:16]} 21. Nxe5 {[%clk 0:44:46]} dxe5 {[%clk 0:57:10]} 22. Ne2
{[%clk 0:45:08]} Bg7 {[%clk 0:55:27]} 23. g4 {[%clk 0:19:09]} Rxd1
{[%clk 0:47:46]} 24. Rxd1 {[%clk 0:19:34]} Nf6 {[%clk 0:39:14]} 25. Bxe5
{[%clk 0:07:45]} Nxe4 {[%clk 0:18:04]} 26. Bxc7 {[%clk 0:08:05]} Nxg5
{[%clk 0:18:30]} 27. Rd7 {[%clk 0:05:51]} Ne4 {[%clk 0:18:21]} 28. Bb6
{[%clk 0:05:39]} Rf8 {[%clk 0:15:04]} 29. Rxb7 {[%clk 0:05:33]} Rf1+
{[%clk 0:15:19]} 30. Kg2 {[%clk 0:05:59]} Re1 {[%clk 0:14:12]} 31. Ng3
{[%clk 0:02:40]} Nf6 {[%clk 0:11:41]} 32. h3 {[%clk 0:02:02]} Ra1
{[%clk 0:10:11]} 33. a4 {[%clk 0:02:24]} e5 {[%clk 0:10:36]} 34. g5
{[%clk 0:01:45]} Ne8 {[%clk 0:08:08]} 35. c5 {[%clk 0:01:09]} Rb1
{[%clk 0:06:09]} 36. Ba5 {[%clk 0:00:12]} Bf8 {[%clk 0:05:52]} 37. Ne4
{[%clk 0:01:03]} Rb2+ {[%clk 0:03:44]} 38. Kf3 {[%clk 0:01:21]} Rh2
{[%clk 0:03:29]} 39. Kg3 {[%clk 0:01:00]} Re2 {[%clk 0:01:13]} 40. Kf3
{[%clk 0:31:19]} Rh2 {[%clk 0:30:56]} 41. c6 {[%clk 0:27:43]} Rxh3+
{[%clk 0:31:11]} 42. Kg2 {[%clk 0:27:41]} Re3 {[%clk 0:25:44]} 43. Nf6+
{[%clk 0:25:00]} Nxf6 {[%clk 0:26:01]} 44. c7 {[%clk 0:22:16]} Re2+
{[%clk 0:23:26]} 45. Kf3 {[%clk 0:22:27]} Rc2 {[%clk 0:22:34]} 46. gxf6
{[%clk 0:22:52]} e4+ {[%clk 0:20:32]} 47. Kxe4 {[%clk 0:23:08]} 1-0

[Event "Azerbaijan Chess Championship2015 - Men"]
[Site ""]
[Date "2015.01.13"]
[Round "7"]
[Board "6"]
[White "Izzat, Kanan"]
[Black "Bayramov, Elvin"]
[Result "0-1"]
[WhiteElo "2424"]
[BlackElo "2051"]
[PlyCount "0"]
[EventDate "2015.01.06"]
[EventRounds "9"]
[EventCountry "AZE"]

1. d4 {[%clk 1:30:58]} Nf6 {[%clk 1:29:35]} 2. Nc3 {[%clk 1:31:23]} d5
{[%clk 1:29:20]} 3. Bf4 {[%clk 1:31:47]} Bf5 {[%clk 1:28:49]} 4. e3
{[%clk 1:31:10]} c6 {[%clk 1:27:42]} 5. Nf3 {[%clk 1:30:31]} Nbd7
{[%clk 1:27:36]} 6. Nh4 {[%clk 1:26:02]} e6 {[%clk 1:25:26]} 7. Nxf5
{[%clk 1:26:11]} exf5 {[%clk 1:25:51]} 8. Bd3 {[%clk 1:24:04]} g6
{[%clk 1:24:11]} 9. h3 {[%clk 1:22:55]} Ne4 {[%clk 1:23:24]} 10. O-O
{[%clk 1:22:00]} Be7 {[%clk 1:14:52]} 11. f3 {[%clk 1:19:06]} Nxc3
{[%clk 1:14:37]} 12. bxc3 {[%clk 1:19:33]} Bg5 {[%clk 1:14:36]} 13. Bd6
{[%clk 0:57:01]} Qf6 {[%clk 1:12:42]} 14. Ba3 {[%clk 0:56:14]} Bxe3+
{[%clk 1:11:38]} 15. Kh1 {[%clk 0:56:37]} O-O-O {[%clk 1:11:05]} 16. f4
{[%clk 0:53:49]} Rhe8 {[%clk 1:09:31]} 17. Qf3 {[%clk 0:51:50]} Re6
{[%clk 1:07:26]} 18. Rae1 {[%clk 0:42:13]} Rde8 {[%clk 1:04:31]} 19. Re2
{[%clk 0:41:56]} h5 {[%clk 0:55:41]} 20. Rb1 {[%clk 0:36:05]} h4 {[%clk 0:53:05]}
21. Bb4 {[%clk 0:27:03]} Nb6 {[%clk 0:43:42]} 22. a4 {[%clk 0:14:31]} Nc4
{[%clk 0:41:37]} 23. Bxc4 {[%clk 0:13:25]} dxc4 {[%clk 0:41:50]} 24. Bc5
{[%clk 0:09:20]} Re4 {[%clk 0:36:07]} 25. Bxa7 {[%clk 0:09:30]} Qd6
{[%clk 0:34:00]} 26. Rbe1 {[%clk 0:08:15]} Qxf4 {[%clk 0:20:53]} 27. d5
{[%clk 0:08:40]} Bd2 {[%clk 0:20:58]} 28. Qxf4 {[%clk 0:07:59]} Bxf4
{[%clk 0:21:04]} 29. Rxe4 {[%clk 0:08:25]} Rxe4 {[%clk 0:19:04]} 30. Rxe4
{[%clk 0:08:46]} fxe4 {[%clk 0:19:32]} 31. dxc6 {[%clk 0:09:06]} bxc6
{[%clk 0:19:36]} 32. Bd4 {[%clk 0:07:30]} f5 {[%clk 0:18:58]} 33. Kg1
{[%clk 0:07:14]} Kb7 {[%clk 0:19:11]} 34. Kf1 {[%clk 0:06:51]} Ka6
{[%clk 0:19:27]} 35. Bf6 {[%clk 0:07:17]} Ka5 {[%clk 0:14:37]} 36. Bxh4
{[%clk 0:07:39]} Kxa4 {[%clk 0:15:04]} 37. Be7 {[%clk 0:01:34]} Be5
{[%clk 0:15:10]} 38. g4 {[%clk 0:00:57]} fxg4 {[%clk 0:10:59]} 39. hxg4
{[%clk 0:01:24]} Bxc3 {[%clk 0:11:24]} 40. Ke2 {[%clk 0:31:45]} Bd4
{[%clk 0:41:47]} 41. Kd2 {[%clk 0:22:59]} c5 {[%clk 0:38:11]} 42. c3
{[%clk 0:19:08]} Kb3 {[%clk 0:34:57]} 0-1